Religion and politics in Haiti ; two essays /

Bibliographic Details
Main Author: Courlander, Harold, 1908-1996
Other Authors: Bastien, Rémy
Format: Book
Language:English
Published: Washington : Institute for Cross-Cultural Research, [1966]
Series:ICR studies, 1
Subjects:

MARC

Tag First Indicator Second Indicator Subfields
LEADER 00000cam a22000001 4500
001 in00000063620
005 20151007083214.0
008 731212s1966 dcuabc b 00010 eng
010 |a  66026633  
035 |a (OCoLC)00900188 
035 |9 AAF9018AM 
040 |a DLC  |c DLC  |d TXA  |d UtOrBLW 
043 |a nwht--- 
049 |a TXAM  |c [477571] 
050 0 0 |a BL2350.H3  |b C6 
082 0 |a 322.1097294 
092 |a 322.1  |b C861r 
100 1 |a Courlander, Harold,  |d 1908-1996. 
245 1 0 |a Religion and politics in Haiti ;  |b two essays /  |c by Harold Courlander and Remy Bastien. With a pref. by Richard P. Schaedel. 
264 1 |a Washington :  |b Institute for Cross-Cultural Research,  |c [1966] 
300 |a xvi, 81 pages :  |b illustrations (part color) maps (on lining papers) portraits ;  |c 24 cm. 
336 |a text  |b txt  |2 rdacontent 
337 |a unmediated  |b n  |2 rdamedia 
338 |a volume  |b nc  |2 rdacarrier 
490 0 |a ICR studies, 1 
504 |a Bibliography: pages [69]-81. 
650 0 |a Vodou. 
650 0 |a Religion and state  |z Haiti. 
651 0 |a Haiti  |x Religion. 
700 1 |a Bastien, Rémy. 
999 |a MARS 
999 f f |s c164c698-25a9-397a-86f1-2b00d13a45f3  |i 613fd699-1897-3960-b9ee-8a6ebe5856d5  |t 0 
952 f f |p ric  |a Texas A&M University  |b Rellis Campus  |c Joint Library Facility  |d Remote Storage  |t 0  |e BL2350.H3 C6  |h Library of Congress classification  |i unmediated -- volume  |m A14800663538 
998 f f |a BL2350.H3 C6  |t 0  |l Remote Storage